000 01784nam0a2200349 4500
001 RU\NLR\bibl\903825
005 20250614181022.0
010 _a5-98799-015-7
_95000
021 _aRU
_b2005-82436
_94069
035 _a(NLR Aleph) 000892244
090 _a1725678
_c1725678
100 _a20060206d2005 |||y0rusy50 ca
101 0 _arus
102 _aRU
105 _ay |||||||||
200 1 _aПрава человека в деятельности сотрудников милиции
_eчасто задаваемые вопросы
_eсправочник для сотрудников милиции
_fМиков П.В., Суслов А.Б., Цуканов А.Н.
210 _aПермь
_cПушка
_d2005
215 _a125,[2] с.
_d17
300 _aНа 3-й с. обл. 3-й авт.: Цуканов А.Н. - преп., акад. МВД России и Перм. гос. пед. ун-та, к.ю.н., полк. милиции
300 _aНа обл. авт. не указаны
320 _aДр. кн. авт. на 3-й с. обл.
606 1 _aПрава человека
_jСправочники
_xЗащита
_xДеятельность правоохранительных органов
_yРоссийская Федерация
_92304010
_3RU\NLR\auth\661379233
686 _aХ620.32я2
700 1 _aМиков
_bП. В.
_gПавел Владимирович
_4070
701 1 _aСуслов
_bА. Б.
_gАндрей Борисович
_4070
701 1 _4070
_7ca
_8rus
_aЦуканов
_bА. Н.
_cканд. юрид. наук, правовед
_f1958-
_gАлексей Николаевич
_9196310
_3RU\NLR\AUTH\770196361
801 0 _aRU
_bNLR
_c20060206
_grcr
801 1 _aRU
_bNLR
_c20060206
942 _cBOOK
980 _aNB